000
00335nam a2200133Ia 4500
008
240624s9999 xx 000 0 und d
041
_a
eng
082
_a
338.0951 LUO
100
_a
LUO JING
245
_a
BUSINESS AND TECHNOLOGY IN CHINA
260
_c
2010
_a
Oxford
_b
ABC-CLIO
300
_a
xxiv, : 234 : p. : cm. ; 24
365
_c
_b
28
999
_c
21354
_d
21354